00533 2200193 4500001002100000005001500021035002000036007000300056008004100059020001800100082001000118084001600128100001800144245010400162250001000266260002800276300002600304990000900330INLIS00000000000512720200121101241 a0010-0120000212ta200121 g f ind  a9786021982907 a985.7 a985.7 IYA s0 aIYAGI, karumi1 aSaranghaeyo :bpada akhirnya takdirlah yang menentukan kepada siapa cinta diucapkan /cKarumi Iyagi acet.1 aJAKARTA :bZettu,c2015 a204 hlm ;c13 x 19 cm a5516